region - Statistiques

Statistiques générales
  • Ce quiz a été pris 9 fois
  • Le résultat moyen est 3 sur 5
Statistiques - réponses
0 Reponse % Correct
2 Ile de France
88%
1 Paca
75%
4 Aquitaine
63%
3 Corse
50%
5 Rhone Alpes
38%
Aucun quiz correspondant
Distribution des résultats
% des personnes avec chaque résultat
Percentile par nombre de réponses
Votre historique - résultats
Vous n’avez pas pris ce quiz